| 000 | 00609cam a22002053a 4500 | ||
|---|---|---|---|
| 001 | 35341 | ||
| 003 | PGUSA | ||
| 005 | 20140828083748.0 | ||
| 008 | 110221s2011||||xxu|||||s|||||000 | eng d | ||
| 040 |
_aPGUSA _beng |
||
| 042 | _adc | ||
| 100 | 1 |
_aMacClintock, Porter Lander, _d1873-1939 |
|
| 245 | 1 | 0 |
_aLiterature in the Elementary School _h[electronic resource] / _cPorter Lander MacClintock |
| 260 |
_bProject Gutenberg, _c2011 |
||
| 506 | _aPublic domain in the USA. | ||
| 516 | _aElectronic text | ||
| 830 | 0 |
_aProject Gutenberg _v35341 |
|
| 856 | 4 | 0 | _uhttp://www.gutenberg.org/ebooks/35341 |
| 942 | _cEB | ||
| 999 |
_c264596 _d264596 |
||